000 00362nam a22001457a 4500
005 20200531112530.0
008 200531b xxu||||| |||| 00| 0 eng d
041 _aeng
082 _a340
100 _aBARE ACT
_95744
245 _aTHE REGISTRATION OF BIRTHS AND DEATHS ACT, 1969
260 _aDELHI
_bPROFESSIONAL BOOK PUBLISHERS
300 _a21;p
942 _cBK
999 _c6709
_d6707